000
00337 a2200169 4500
001
186845
020
_a
85-16-01012-0
040
_c
Magnum
100
_a
Furnari, Eva
240
1
0
_a
Travadinhas
_l
por
245
1
0
_a
Travadinhas
300
_a
24
362
0
_a
1994
440
1
_a
Moderna
697
_a
LITERATURA INFANTO
942
_c
BK
999
_c
186845
_d
186845